<?xml version="1.0" encoding="UTF-8"?><?xml-stylesheet type="text/xsl" href="static/style.xsl"?><OAI-PMH xmlns="http://www.openarchives.org/OAI/2.0/" xmlns:xsi="http://www.w3.org/2001/XMLSchema-instance" xsi:schemaLocation="http://www.openarchives.org/OAI/2.0/ http://www.openarchives.org/OAI/2.0/OAI-PMH.xsd"><responseDate>2026-07-05T16:55:17Z</responseDate><request verb="GetRecord" identifier="oai:repisalud.isciii.es:20.500.12105/14088" metadataPrefix="marc">https://repisalud.isciii.es/rest/oai/request</request><GetRecord><record><header><identifier>oai:repisalud.isciii.es:20.500.12105/14088</identifier><datestamp>2025-06-03T13:11:12Z</datestamp><setSpec>com_20.500.12105_5571</setSpec><setSpec>com_20.500.12105_2404</setSpec><setSpec>com_20.500.12105_2403</setSpec><setSpec>col_20.500.12105_5716</setSpec></header><metadata><record xmlns="http://www.loc.gov/MARC21/slim" xmlns:dcterms="http://purl.org/dc/terms/" xmlns:doc="http://www.lyncode.com/xoai" xmlns:xsi="http://www.w3.org/2001/XMLSchema-instance" xsi:schemaLocation="http://www.loc.gov/MARC21/slim http://www.loc.gov/standards/marcxml/schema/MARC21slim.xsd">
   <leader>00925njm 22002777a 4500</leader>
   <datafield ind2=" " ind1=" " tag="042">
      <subfield code="a">dc</subfield>
   </datafield>
   <datafield ind2=" " ind1=" " tag="720">
      <subfield code="a">Aldea-Romero, AE</subfield>
      <subfield code="e">author</subfield>
   </datafield>
   <datafield ind2=" " ind1=" " tag="720">
      <subfield code="a">López-Dueñas, A</subfield>
      <subfield code="e">author</subfield>
   </datafield>
   <datafield ind2=" " ind1=" " tag="720">
      <subfield code="a">Rubio-Jiménez, ME</subfield>
      <subfield code="e">author</subfield>
   </datafield>
   <datafield ind2=" " ind1=" " tag="720">
      <subfield code="a">Hernández-Bejarano, MJ</subfield>
      <subfield code="e">author</subfield>
   </datafield>
   <datafield ind2=" " ind1=" " tag="720">
      <subfield code="a">García-García, A</subfield>
      <subfield code="e">author</subfield>
   </datafield>
   <datafield ind2=" " ind1=" " tag="720">
      <subfield code="a">Martinez-Fernandez, Maria Luisa</subfield>
      <subfield code="e">author</subfield>
   </datafield>
   <datafield ind2=" " ind1=" " tag="720">
      <subfield code="a">Bermejo-Sanchez, Eva</subfield>
      <subfield code="e">author</subfield>
   </datafield>
   <datafield ind2=" " ind1=" " tag="720">
      <subfield code="a">Martínez-Frías, María Luisa</subfield>
      <subfield code="e">author</subfield>
   </datafield>
   <datafield ind2=" " ind1=" " tag="260">
      <subfield code="c">2011-12</subfield>
   </datafield>
   <datafield ind2=" " ind1=" " tag="520">
      <subfield code="a">In 1999, Bohring et al. reported a new syndrome clinically distinguishable from cases with C syndrome or Opitz trigonocephaly. All the patients showed failure to thrive, microcephaly with metopic suture ridging, nevus flammeus over the forehead, thick hair and forehead hirsutism, shallow orbits with prominent eyes, depressed nasal root, anomalous ears, retrognathia, cleft lip and palate, flexion deformities of the upper limbs with radial head dislocation and ulnar deviation of fingers. Patients have severe developmental delay, sucking and swallowing difficulties starting in the prenatal period, as suggested by the usual polyhydramnios. The brain anomalies include hydrocephaly/large ventricles, agenesis/hypoplasia of corpus callosum, Dandy-Walker malformation, myelin abnormalities, and cortical atrophy. Occasional symptoms are a small or closed fontanel at birth, inguinal hernias and cryptorchidism in males, and intestinal malrotation. Most patients die early in childhood because of bradycardia and apnea. Although there is an overlap between C-like syndrome and C syndrome, different manifestations in these patients suggest a different entity. This new syndrome has been called (apart from C-like syndrome) Bohring-Optiz or Oberklaid-Danks syndrome. Recently, it has been associated in some patients to heterozygous de novo nonsense mutations in ASXL1 gene, which is required for maintenance of both activation and silencing of Hox genes, suggesting that the syndrome is genetically Heterogeneous. Here we describe the first case of this syndrome identified in the Spanish Collaborative Study of Congenital Malformations (ECEMC) Registry, and possibly in Spain. Therefore, its minimal frequency has been estimated in 1:2,648,286 newborn infants.</subfield>
   </datafield>
   <datafield ind1="8" ind2=" " tag="024">
      <subfield code="a">Boletín del ECEMC: Rev Dismor Epidemiol 2011; VI (nº 1): 18-26</subfield>
   </datafield>
   <datafield ind1="8" ind2=" " tag="024">
      <subfield code="a">0210–3893</subfield>
   </datafield>
   <datafield ind1="8" ind2=" " tag="024">
      <subfield code="a">Boletín del ECEMC: Revista de Dismorfología y Epidemiología</subfield>
   </datafield>
   <datafield ind1="8" ind2=" " tag="024">
      <subfield code="a">http://hdl.handle.net/20.500.12105/14088</subfield>
   </datafield>
   <datafield tag="653" ind2=" " ind1=" ">
      <subfield code="a">Bohring-Opitz</subfield>
   </datafield>
   <datafield tag="653" ind2=" " ind1=" ">
      <subfield code="a">Oberklaid-Danks</subfield>
   </datafield>
   <datafield ind2="0" ind1="0" tag="245">
      <subfield code="a">Descripción de un nuevo caso de síndrome de Bohring-Opitz (o de Oberklaid-Danks)</subfield>
   </datafield>
</record></metadata></record></GetRecord></OAI-PMH>